000
00306nam a22001337a 4500
008
181019b xxu||||| |||| 00| 0 eng d
020
_a
03142333076
041
_a
eng
080
_a
14
100
_a
341
101
_a
JUR
245
_a
Cases And Materials Criminal Law
_c
Dressler.J
942
_2
udc
_c
BK
999
_c
50211
_d
50211